Economics and society

Gespeichert in:
Bibliographische Detailangaben
1. Verfasser: Weiss, Leonard W.
Format: Buch
Sprache:Englisch
Veröffentlicht: New York John Wiley and Sons, Inc. 1975
Schlagworte:
Tags: Tag hinzufügen
Keine Tags, Fügen Sie das erste Tag hinzu!

MARC

LEADER 00000nam a2200000 4500
001 c100553
005 20221123135246.8
020 |a 0-471-92704-X 
041 0 |a eng 
044 |a US 
245 1 0 |a Economics and society  |c Leonard W. Weiss 
264 1 |a New York  |b John Wiley and Sons, Inc.  |c 1975 
300 |a 535 s. 
610 2 0 |a ekonómia 
610 2 0 |a spoločnosť 
610 2 0 |a rast hospodársky 
610 2 0 |a súťaž hospodárska 
610 2 0 |a monopoly 
610 2 0 |a dopyt 
610 2 0 |a ponuka 
610 2 0 |a sektor verejný 
610 2 0 |a obchod medzinárodný 
610 2 0 |a investície 
610 2 0 |a investície zahraničné 
100 1 |a Weiss, Leonard W.